00571cam a22002291 4500001001300000003000400013005001700017008004100034010001700075035002000092040001800112042001200130050002000142100001700162245002600179260001100205300002800216500001800244504003100262600003100293999001700324sa 64005173 DLC20260227112030.0900116s1963 ii b 000 0 malo  asa 64005173  a(OCoLC)20908492 aDLCcWaUdDLC apremarc00aPQ2613.I2bZ5871 aAyyaneth, O.00aĀndr̲ē Jīdȧ. c[1963] aiv, xiv, 271 p.c18 cm. aIn Malayalam. aBibliographical footnotes.10aGide, André,d1869-1951. c58984d58984